<?xml version="1.0" encoding="UTF-8"?><?xml-stylesheet type="text/xsl" href="static/style.xsl"?><OAI-PMH xmlns="http://www.openarchives.org/OAI/2.0/" xmlns:xsi="http://www.w3.org/2001/XMLSchema-instance" xsi:schemaLocation="http://www.openarchives.org/OAI/2.0/ http://www.openarchives.org/OAI/2.0/OAI-PMH.xsd"><responseDate>2026-06-03T22:43:55Z</responseDate><request verb="GetRecord" identifier="oai:riuma.uma.es:10630/38095" metadataPrefix="marc">https://riuma.uma.es/rest/oai/request</request><GetRecord><record><header><identifier>oai:riuma.uma.es:10630/38095</identifier><datestamp>2026-02-03T11:03:15Z</datestamp><setSpec>com_10630_2254</setSpec><setSpec>col_10630_37953</setSpec></header><metadata><record xmlns="http://www.loc.gov/MARC21/slim" xmlns:dcterms="http://purl.org/dc/terms/" xmlns:doc="http://www.lyncode.com/xoai" xmlns:xsi="http://www.w3.org/2001/XMLSchema-instance" xsi:schemaLocation="http://www.loc.gov/MARC21/slim http://www.loc.gov/standards/marcxml/schema/MARC21slim.xsd">
   <leader>00925njm 22002777a 4500</leader>
   <datafield ind2=" " ind1=" " tag="042">
      <subfield code="a">dc</subfield>
   </datafield>
   <datafield ind2=" " ind1=" " tag="720">
      <subfield code="a">Moncayo-Arlandi, Javier</subfield>
      <subfield code="e">author</subfield>
   </datafield>
   <datafield ind2=" " ind1=" " tag="720">
      <subfield code="a">López-García, Alejandro</subfield>
      <subfield code="e">author</subfield>
   </datafield>
   <datafield ind2=" " ind1=" " tag="720">
      <subfield code="a">Fernández-Domínguez, María Carmen</subfield>
      <subfield code="e">author</subfield>
   </datafield>
   <datafield ind2=" " ind1=" " tag="720">
      <subfield code="a">Durán-Boyero, Ana Carmen</subfield>
      <subfield code="e">author</subfield>
   </datafield>
   <datafield ind2=" " ind1=" " tag="720">
      <subfield code="a">Fernández-Corujo, Borja</subfield>
      <subfield code="e">author</subfield>
   </datafield>
   <datafield ind2=" " ind1=" " tag="260">
      <subfield code="c">2014-10-07</subfield>
   </datafield>
   <datafield ind2=" " ind1=" " tag="520">
      <subfield code="a">Objetivo: El proteoglicano pequeño rico en leucina Osteoglicina/Mimecan (OGN) es un componente de la matriz extracelular, donde regula la fibrilogénesis de colágeno y la disponibilidad de citocinas. OGN es abundante en vasos normales y en lesiones ateroscleróticas y reestenóticas de arterias de ratas, conejos y humanos. Los ratones sin osteoglicina muestran alteraciones en el grosor de las fibras de colágeno de la córnea y la piel. En este trabajo, inspeccionamos la posible participación de OGN en la progresión de la aterosclerosis utilizando un modelo de ratón doble knock out. Métodos: Con el fin de examinar la progresión de la aterosclerosis en ausencia de OGN, desarrollamos ratones doblemente knock out de Apoe y Ogn y realizamos un estudio comparativo histomorfológico y de inmunofluorescencia de las lesiones ateroscleróticas de ratones Apoe—/—Ogn—/— y Apoe—/—Ogn+/+. Resultados: Demostramos la presencia de la transcripción de Ogn en la aorta de ratones de tipo salvaje, su ausencia en ratones Ogn—/— y la histomorfología normal de las arterias de ratones Ogn—/—. La composición de la matriz extracelular y también el contenido y distribución celular fueron similares en las lesiones ateroscleróticas de ratones Apoe—/—Ogn—/— y Apoe—/—Ogn+/+. La cuantificación del tamaño de la lesión no reveló diferencias significativas entre ratones knock out dobles y simples. La incidencia, tamaño y distribución de los depósitos de calcio fueron similares en ambos grupos de ratones. Conclusiones: La falta del proteoglicano OGN no afecta la progresión de la aterosclerosis en ratones. Se discuten las posibles causas de la ausencia de fenotipo en los mutantes dobles Apoe/Ogn.</subfield>
   </datafield>
   <datafield ind1="8" ind2=" " tag="024">
      <subfield code="a">https://hdl.handle.net/10630/38095</subfield>
   </datafield>
   <datafield ind1="8" ind2=" " tag="024">
      <subfield code="a">10.1016/j.atherosclerosis.2014.09.016</subfield>
   </datafield>
   <datafield tag="653" ind2=" " ind1=" ">
      <subfield code="a">Aterosclerosis - Modelos animales</subfield>
   </datafield>
   <datafield ind2="0" ind1="0" tag="245">
      <subfield code="a">Osteoglycin deficiency does not affect atherosclerosis in mice.</subfield>
   </datafield>
</record>
</metadata></record></GetRecord></OAI-PMH>